| 000 | 00000nam##2200000za#4500 |
| 001 | 9.699478 |
| 003 | CaOODSP |
| 005 | 20210625000411 |
| 007 | cr ||||||||||| |
| 008 | 150407|1973||||xxc|||||o f|0| 0 eng|d |
| 040 | |aCaOODSP|beng |
| 043 | |an-cn--- |
| 086 | 1 |aA53-1284/1973E-PDF |
| 110 | 1 |aCanada.|bAgriculture Canada.|bResearch Branch. |
| 245 | 10|aMethods for sensory evaluation of food / |h[electronic resource]|c[by] Elizabeth Larmond. |
| 250 | |aRevised 1970, reprinted 1971, 1973 |
| 260 | |aOttawa - Ontario : |bAgriculture Canada. |c1967. |
| 300 | |a64p.|bfigs., graphs, references, tables, photographs |
| 500 | |aHistorical publication digitized by Agriculture and Agri-Food Canada. |
| 504 | |aBibliography. |
| 590 | |a15-01-Supp|b2015-01-26 |
| 690 | 07|aApplied research|2gcpds |
| 690 | 07|aFood|2gcpds |
| 720 | 1 |aLarmond, Elizabeth |
| 775 | 08|tMéthodes d'appréciation sensorielle des aliments / |w(CaOODSP)9.644276 |
| 856 | 40|ahttp://publications.gc.ca|qPDF|s3.5 MB|uhttps://publications.gc.ca/collections/collection_2014/aac-aafc/agrhist/A53-1284-1973-eng.pdf |
| 986 | |aPublication 1284 |